000 00641nam a22002177a 4500
003 UA-OsUOA
001 38251
007 ta
008 20060503b un ||||| |||| 00| 0 ukr d
100 _aНіколенко О.М.
090 _a82
_bН11
942 _cSA
040 _aUA-OsUOA
_bukr
_cUA-OsUOA
_dUA-OsUOA
245 _aОсновні тенденції розвитку оновленої драматургії кінця 19-початку 20століття
300 _a9-11 с.
955 _a0
041 _aukr
080 _a82
773 0 _w38250
650 7 _a82 Література. Літературознавство
_2UDC
999 _c324417
_d324417